Revitalizácia a transformácia areálu závodu „DREVINA“
Saved in:
| Main Author: | |
|---|---|
| Other Authors: | |
| Format: | Manuscript Book |
| Language: | Slovak |
| Published: |
2025
|
| Subjects: | |
| Online Access: | http://is.stuba.sk/zp/portal_zp.pl?podrobnosti=185333 |
| Tags: |
No Tags, Be the first to tag this record!
|
MARC
| LEADER | 00000ntm a22000003a 4500 | ||
|---|---|---|---|
| 001 | stuzp104916 | ||
| 003 | SK-STU | ||
| 005 | 20250607210932.7 | ||
| 007 | ta | ||
| 008 | 150427s2015----xo-----f-mn---000-0-slo-d | ||
| 040 | |a STU |b slo | ||
| 041 | 0 | |a slo | |
| 100 | 1 | |a Kubanda, Michal |u 051110 |4 aut |U FAD Fakulta architektúry a dizajnu |T FAD Ústav architektúry obytných budov |X 103739 |U A1110 |Y 392 |7 103739 | |
| 242 | 0 | 1 | |a Revitalization and transformation of the "DREVINA" factory area |y eng |
| 245 | 1 | 0 | |a Revitalizácia a transformácia areálu závodu „DREVINA“ |
| 260 | |c 2025 | ||
| 650 | 4 | |a adaptation |2 eng | |
| 650 | 4 | |a landscape context |2 eng | |
| 650 | 4 | |a vocational education |2 eng | |
| 650 | 4 | |a hall-type facilities |2 eng | |
| 650 | 4 | |a abandoned sites |2 eng | |
| 650 | 4 | |a transformation |2 eng | |
| 650 | 4 | |a revitalization |2 eng | |
| 650 | 4 | |a adaptácia |2 slo | |
| 650 | 4 | |a odborné vzdelávanie |2 slo | |
| 650 | 4 | |a halové priestory |2 slo | |
| 650 | 4 | |a krajinný kontext |2 slo | |
| 650 | 4 | |a opustené areály |2 slo | |
| 650 | 4 | |a transformácia |2 slo | |
| 650 | 4 | |a revitalizácia |2 slo | |
| 700 | 1 | |a Paňák, Pavel |u 051110 |k Z1 |4 ths |U FAD Fakulta architektúry a dizajnu |T FAD Ústav architektúry obytných budov |X 70322 |U A1110 |Y 392 |7 A000070322 | |
| 856 | 4 | |u http://is.stuba.sk/zp/portal_zp.pl?podrobnosti=185333 | |